Architectural conservation in Europe and the Americas : (Record no. 608629)
[ view plain ]
| 000 -LEADER | |
|---|---|
| fixed length control field | 01972cam a22003494a 4500 |
| 001 - CONTROL NUMBER | |
| control field | 16519430 |
| 003 - CONTROL NUMBER IDENTIFIER | |
| control field | NUST |
| 005 - DATE AND TIME OF LATEST TRANSACTION | |
| control field | 20240308110645.0 |
| 008 - FIXED-LENGTH DATA ELEMENTS--GENERAL INFORMATION | |
| fixed length control field | 101026s2011 njuab b 001 0 eng |
| 010 ## - LIBRARY OF CONGRESS CONTROL NUMBER | |
| LC control number | 2010045252 |
| 020 ## - INTERNATIONAL STANDARD BOOK NUMBER | |
| International Standard Book Number | 9780470603857 |
| 035 ## - SYSTEM CONTROL NUMBER | |
| System control number | (OCoLC)ocn671701598 |
| 038 ## - RECORD CONTENT LICENSOR | |
| Staff Name | Malang Jan |
| 040 ## - CATALOGING SOURCE | |
| Original cataloging agency | DLC |
| Transcribing agency | DLC |
| Modifying agency | YDX |
| -- | BTCTA |
| -- | YDXCP |
| -- | CDX |
| -- | DLC |
| 042 ## - AUTHENTICATION CODE | |
| Authentication code | pcc |
| 043 ## - GEOGRAPHIC AREA CODE | |
| Geographic area code | e------ |
| -- | n------ |
| -- | s------ |
| 050 00 - LIBRARY OF CONGRESS CALL NUMBER | |
| Classification number | NA105 |
| Item number | .S793 2011 |
| 082 00 - DEWEY DECIMAL CLASSIFICATION NUMBER | |
| Classification number | 363.6909 |
| Edition number | 22 |
| Author Mark | STU |
| 084 ## - OTHER CLASSIFICATION NUMBER | |
| Classification number | ARC014000 |
| Number source | bisacsh |
| 100 1# - MAIN ENTRY--PERSONAL NAME | |
| Personal name | Stubbs, John H. |
| 9 (RLIN) | 122035 |
| 245 10 - TITLE STATEMENT | |
| Title | Architectural conservation in Europe and the Americas : |
| Remainder of title | national experiences and practice / |
| Statement of responsibility, etc. | John H. Stubbs and Emily G. Makaš ; foreword by Mounir Bouchenaki. |
| 260 ## - PUBLICATION, DISTRIBUTION, ETC. | |
| Place of publication, distribution, etc. | Hoboken, N.J. : |
| Name of publisher, distributor, etc. | John Wiley & Sons, |
| Date of publication, distribution, etc. | c2011. |
| 300 ## - PHYSICAL DESCRIPTION | |
| Extent | xxii, 729 p. : |
| Other physical details | ill., maps ; |
| Dimensions | 29 cm. |
| 504 ## - BIBLIOGRAPHY, ETC. NOTE | |
| Bibliography, etc. note | Includes bibliographical references (p. 675-698) and index. |
| 520 ## - SUMMARY, ETC. | |
| Summary, etc. | "The first major survey that looks at the conservation of cultural heritage in both Europe and the Americas, this book will serve as a convenient resource for professionals, students, and anyone interested in the field. Following the acclaimed Time Honored, Architectural Conservation in Europe and the Americas presents contemporary practice on a country-by-country and region-by-region basis, facilitating comparative analysis of similarities and differences. Written to "stand alone" from the predecessor volume, this book will be followed by a third and final volume covering Asia, Africa, Oceana, and the Polar Regions"--Provided by publisher. |
| 650 #0 - SUBJECT ADDED ENTRY--TOPICAL TERM | |
| Topical term or geographic name entry element | Architecture |
| General subdivision | Conservation and restoration |
| Geographic subdivision | Europe. |
| 9 (RLIN) | 122036 |
| 650 #0 - SUBJECT ADDED ENTRY--TOPICAL TERM | |
| Topical term or geographic name entry element | Architecture |
| General subdivision | Conservation and restoration |
| Geographic subdivision | America. |
| 9 (RLIN) | 122037 |
| 700 1# - ADDED ENTRY--PERSONAL NAME | |
| Personal name | Makaš, Emily Gunzburger. |
| 9 (RLIN) | 122038 |
| 906 ## - LOCAL DATA ELEMENT F, LDF (RLIN) | |
| a | 7 |
| b | cbc |
| c | orignew |
| d | 1 |
| e | ecip |
| f | 20 |
| g | y-gencatlg |
| 942 ## - ADDED ENTRY ELEMENTS (KOHA) | |
| Source of classification or shelving scheme | |
| Koha item type | Book |
| Withdrawn status | Lost status | Source of classification or shelving scheme | Damaged status | Not for loan | Permanent Location | Current Location | Date acquired | Source of acquisition | Total Checkouts | Full call number | Barcode | Date last seen | Cost, replacement price | Price effective from | Koha item type |
|---|---|---|---|---|---|---|---|---|---|---|---|---|---|---|---|
| School of Art Design and Architecture (SADA) | School of Art Design and Architecture (SADA) | 06/14/2022 | Golden Books | 363.6909 STU 2011 | SADA0002977 | 03/08/2024 | 16480.00 | 03/08/2024 | Book |
